000 00233nam a2200097Ia 4500
008 240625s9999 xx 000 0 und d
041 _aeng
082 _a808.20 SIN
100 _aSINGH PAYAL
245 _aBUSINESS DEVELOPMENT AT RUPEESEED
999 _c37748
_d37748